Business and transfer taxation : (Record no. 3550)

MARC details
000 -LEADER
fixed length control field 00653nam a22001937a 4500
003 - CONTROL NUMBER IDENTIFIER
control field OSt
005 - DATE AND TIME OF LATEST TRANSACTION
control field 20250710012602.0
008 - FIXED-LENGTH DATA ELEMENTS--GENERAL INFORMATION
fixed length control field 250710b |||||||| |||| 00| 0 eng d
020 ## - INTERNATIONAL STANDARD BOOK NUMBER
International Standard Book Number 9789719594017
040 ## - CATALOGING SOURCE
Original cataloging agency DWCL - Main lib
Transcribing agency OC
082 ## - DEWEY DECIMAL CLASSIFICATION NUMBER
Classification number Fil. 343.05 B216b 2015
100 ## - MAIN ENTRY--PERSONAL NAME
Personal name Banggawan, Rex B.
245 ## - TITLE STATEMENT
Title Business and transfer taxation :
Remainder of title laws, principles, and applications with tax remedies/
Statement of responsibility, etc. Rex B. Banggawan
250 ## - EDITION STATEMENT
Edition statement 2017 edition.
260 ## - PUBLICATION, DISTRIBUTION, ETC.
Place of publication, distribution, etc. Pasay City :
Name of publisher, distributor, etc. Real Excellence Publishing,
Date of publication, distribution, etc. c2015.
300 ## - PHYSICAL DESCRIPTION
Extent 646 pages ;
Dimensions 23 cm.
650 ## - SUBJECT ADDED ENTRY--TOPICAL TERM
Topical term or geographic name entry element 1. Inheritance and transfer tax.
942 ## - ADDED ENTRY ELEMENTS (KOHA)
Source of classification or shelving scheme Dewey Decimal Classification
Koha item type Book-Filipiniana
Edition 2017 edition.
Call number prefix Fil.
Suppress in OPAC No
952 ## - LOCATION AND ITEM INFORMATION (KOHA)
--
952 ## - LOCATION AND ITEM INFORMATION (KOHA)
--
952 ## - LOCATION AND ITEM INFORMATION (KOHA)
--
Holdings
Withdrawn status Lost status Source of classification or shelving scheme Damaged status Not for loan Home library Current library Shelving location Date acquired Source of acquisition Cost, normal purchase price Total Checkouts Full call number Barcode Date last seen Copy number Price effective from Koha item type Uniform Resource Identifier
    Dewey Decimal Classification     College Library College Library Filipiniana 11/22/2017 School Fund 490.00   Fil. 343.05 B216b 2015 51689 07/10/2025 c3 07/10/2025 BK - FIL
    Dewey Decimal Classification     College Library College Library Filipiniana 11/22/2017 School Fund 490.00   Fil. 343.05 B216b 2015 51688 07/10/2025 c2 07/10/2025 BK - FIL
    Dewey Decimal Classification     College Library College Library Filipiniana 11/22/2017 School Fund 490.00   Fil. 343.05 B216b 2015 51687 07/10/2025 c1 07/10/2025 BK - FIL